Statistics for Diaspora-Slovakia

Click here to take the quiz!

General Stats

  • This quiz has been taken 38 times
  • The average score is 14 of 16

Answer Stats

Number of immigrants Continent Country % Correct
797.764North AmericaUnited States of America
100%
85.000EuropeUnited Kingdom
100%
72.290North AmericaCanada
100%
107.251EuropeCzech Republic
97%
27.794EuropeHungary
97%
25.200EuropeGermany
97%
23.000EuropeFrance
97%
12.000OceaniaAustralia
94%
22.500South AmericaArgentina
91%
35.450EuropeAustria
85%
15.000EuropeItaly
85%
6.397EuropeUkraine
82%
17.226EuropeRomania
68%
10.801EuropeIreland
62%
52.750EuropeSerbia
53%
10.000AsiaIsrael
50%

Score Distribution

Percentile by Number Answered

Percent of People with Each Score

Your Score History

You have not taken this quiz